000 00334 a2200169 4500
001 187304
020 _a85-322-4544-7
040 _cMagnum
100 _aBraz, Julio Emilio
240 1 0 _aO riacho
_lpor
245 1 0 _aO riacho
300 _a23
362 0 _a2001
440 1 _aFTD
697 _aLITERATURA INFANTIL
942 _cBK
999 _c187304
_d187304